[Event "EU-Cup 19th"]
[Site "Rethymno"]
[Date "2003.10.04"]
[Round "7.1"]
[White "Carlsen, Magnus"]
[Black "Gretarsson, Helgi Ass"]
[Result "1-0"]
[WhiteElo "2385"]
[BlackElo "2513"]
[PlyCount "63"]
[EventDate "2003.09.28"]
[EventType "team-swiss"]
[EventRounds "7"]
[EventCountry "GRE"]
[SourceTitle "CBM 098"]
[Source "ChessBase"]
[SourceDate "2004.02.03"]
[SourceVersion "1"]
[SourceVersionDate "2004.02.03"]
[SourceQuality "1"]
[WhiteTeam "Asker"]
[BlackTeam "Reykjavik Hellir"]
[WhiteTeamCountry "NOR"]
[BlackTeamCountry "ISL"]

1. d4 d5 2. c4 c6 3. Nf3 Nf6 4. Nc3 e6 5. e3 Nbd7 6. Qc2 Bd6 7. g4 Nxg4 8. Rg1 Qf6 9. Rxg4 Qxf3 10. Rxg7 Nf6 11. Bg2 Qh5 12. e4 dxe4 13. Bg5 Bf8 14. Bxf6 Bxg7 15. Bxg7 Rg8 16. Nxe4 Qa5+ 17. Kf1 Rxg7 18. Qc1 $146 ({RR} 18. Bf3 Qc7 19. Qd2 Qe7 20. Qh6 f5 21. Nf6+ Kd8 22. Nh5 Rg6 23. Qf4 Bd7 24. Re1 Qb4 25. b3 Ke7 26. Qh4+ Kf7 27. Ng3 Kg8 28. c5 Rf8 29. Qf4 b6 30. Re5 Qc3 31. h4 Qa1+ 32. Re1 Qxa2 {Reis,G (2144)-Kreuzer,M (2325) Bayern 2013 ½-½ (71)}) ({RR} 18. c5 Qd8 19. Re1 Qh4 20. Ng3 Kf8 21. Qe2 Qg5 22. h4 Qxh4 23. Nf5 Qg4 24. Nxg7 Qxe2+ 25. Kxe2 Kxg7 26. Ke3 Bd7 27. Rg1 Kh8 28. Be4 Rg8 29. Rh1 Rg7 30. Kf4 f6 31. Rh6 Rf7 32. b4 f5 {Mazalon,M (2158)-Gusarow,M (2155) Wysowa 2007 ½-½ (42)}) 18... Qd8 19. Qf4 Kf8 20. Qe5 Rg6 21. Qh8+ Ke7 22. Qxh7 Qg8 23. Qh4+ f6 24. Bf3 e5 25. b3 exd4 26. Ng3 Bg4 27. Re1+ Kf7 28. Be4 Rg7 29. h3 Bd7 30. Qh5+ Kf8 31. Qc5+ Kf7 32. Bg6+ 1-0

[Event "Wch U14"]
[Site "Chalkidiki"]
[Date "2003.10.25"]
[Round "3"]
[White "Lemos, Damian"]
[Black "Carlsen, Magnus"]
[Result "1/2-1/2"]
[WhiteElo "2218"]
[BlackElo "2450"]
[PlyCount "116"]
[EventDate "2003.10.23"]
[EventType "swiss"]
[EventRounds "11"]
[EventCountry "GRE"]
[SourceTitle "EXT 2004"]
[Source "ChessBase"]
[SourceDate "2003.11.25"]
[SourceVersion "1"]
[SourceVersionDate "2003.11.25"]
[SourceQuality "1"]

1. d4 {Ftacnik,Lubomir} Nf6 2. Nf3 g6 3. c4 Bg7 4. g3 O-O 5. Bg2 d6 6. O-O Nbd7 7. Nc3 e5 8. h3 Re8 9. e4 exd4 10. Nxd4 a6 11. Re1 Rb8 12. b3 c5 13. Nc2 b5 14. Qxd6 ({RR} 14. cxb5 axb5 15. Qxd6 b4 ({RR} 15... Rb6 16. Qd1 b4 17. Na4 Rbe6 {RR} 18. Bb2 Qe7 19. Ne3 Bb7 20. f3 Nh5) 16. Na4 Bb7 17. Bg5 Bxe4 18. Bxe4 Nxe4 19. Bxd8 Nxd6 20. Bc7) 14... Rb6 ({RR} 14... Bb7 15. Qd1 Ne5 ({RR} 15... b4 16. Nd5 Nxd5 17. cxd5 Bxa1 18. Nxa1) 16. Bf4 ({RR} 16. Qxd8 Rexd8 17. cxb5 axb5 18. Nxb5 Nd3) 16... Nh5 ({RR} 16... Nd3 17. Bxb8 Nxe1 18. Qxd8 Rxd8 19. Rxe1 Rxb8 20. e5) 17. Bxe5 Bxe5 18. Nd5 bxc4 19. bxc4 Bxd5 20. cxd5 Qf6 ({RR} 20... Bxa1 21. Qxa1 Qb6 22. Ne3 ({RR} 22. e5 Qb2 23. Qxb2 Rxb2) 22... Qb2 23. Nc4 Qxa1 24. Rxa1 Rb4 25. Rc1 Reb8 26. Nd2) 21. Rb1 Rxb1 22. Qxb1 Rb8 23. Qd1 Rb2 ({RR} 23... c4 24. f4 Nxf4 25. gxf4 Qxf4 26. Qf3 Qh2+ 27. Kf1 Rb2 28. Re2 Rxa2) 24. Rf1 c4 ({RR} 24... Rxa2 25. Qd3 ({RR} 25. f4 Nxf4 26. gxf4 Bxf4) 25... Rb2 26. f4) ({RR} 24... Qb6) 25. Ne3 Bd4 ({RR} 25... c3 26. Ng4 Qd6 27. Qa4 Bg7 28. e5) ({RR} 25... Rxa2 26. Ng4 Qd6 27. Nxe5 Qxe5 28. d6 Qe8 29. e5) 26. e5 ({RR} 26. Nxc4 Bxf2+ 27. Kh2 Bxg3+ 28. Kh1 Rf2) 26... Qb6 ({RR} 26... Bxe5 27. Nxc4 Rxa2 28. Nxe5 Qxe5 29. d6 Qe8 30. d7 Qd8 31. Re1) ({RR} 26... Qxe5 27. Nxc4 Qxg3 28. Qxd4) 27. Qf3 ({RR} 27. Nxc4 Bxf2+ 28. Kh2 Bxg3+ 29. Kh1 Qb4 30. Nxb2 Qxb2 31. Qf3 Bf4) 27... c3 ({RR} 27... Bxe3 28. fxe3) 28. d6 ({RR} 28. Nc4 Rxf2 ({RR} 28... Qb5 29. Nxb2 cxb2 30. Rb1 Bxe5) 29. Rxf2 Bxf2+ 30. Qxf2 Qxf2+ 31. Kxf2 c2) 28... c2 ({RR} 28... Bxe5 29. Nc4 Qd4 30. Qa8+ Kg7 31. Nxe5 Qxe5 32. d7) 29. Kh2 {Hansen,C (2620)-Gelfand,B (2665) Munich 1992 CBM 030 [Ftacnik,Lubomir] 1-0 (38)} ({RR} 29. Qa8+ Kg7 30. d7 Bxe3 31. d8=Q Bxf2+ ({RR} 31... Qxd8 32. Qxd8 Rb1 33. fxe3 Rxf1+ 34. Bxf1 c1=Q) 32. Kh2 Bxg3+ 33. Kh1 Qxd8 34. Qxd8 Bf4) ({RR} 29. Nc4 Bxf2+ 30. Kh2 Rb1 31. Nxb6 Rxf1 32. Bxf1 Bxg3+ 33. Kg2 c1=Q) {RR} 29... Rb1 30. Nxc2 Rxf1 31. Nxd4 ({RR} 31. Bxf1 Bxf2 32. Qa8+ Kg7 33. d7 Bxg3+ 34. Kh1 Bh4) 31... Rb1 ({RR} 31... Qxd4 32. Bxf1 Qxe5 33. Qa8+ Kg7 34. d7) 32. Qa8+ Qb8 33. Qxb8+ Rxb8 34. Nc6) ({RR} 14... b4 15. Na4 ({RR} 15. Nd5 Nxd5 16. cxd5 Be5 17. Qc6 Rb5) 15... Bb7) 15. Qd2 ({RR} 15. Qd1 b4 16. Nd5 Nxd5 17. cxd5) 15... b4 16. Na4 ({RR} 16. Nd5 Nxd5 17. cxd5 Bc3 18. Qd1 Nf6) 16... Rbe6 17. e5 $146 ({RR} 17. Rb1 Bb7 18. e5 Bxg2 19. exf6 Rxe1+ 20. Nxe1 Be4 21. fxg7 Bxb1 22. Nf3 Ne5 23. Nxe5 Qxd2 24. Bxd2 Rxe5 25. Be3 Bxa2 26. Nxc5 a5 27. Kg2 f6 28. Bd4 Re1 29. Nb7 Bxb3 30. Nxa5 Bxc4 31. Bxf6 Bd5+ {Valencia Jimenez,J (2112)-Garcia Castellote,O (2075) Barcelona 2018 0-1 (33)}) 17... Qe7 18. Bb2 Nxe5 19. Bxe5 Rxe5 20. Rxe5 Qxe5 21. Re1 Qc7 22. Rxe8+ Nxe8 23. Qe3 Qd8 24. Nxc5 a5 25. Kh2 h5 26. Qd3 Qc7 27. Ne4 h4 28. Ne3 hxg3+ 29. fxg3 Be5 30. Nd5 Qd8 31. Qe3 Ng7 32. Ng5 Bd6 33. Ne4 Be5 34. Qb6 Qxb6 35. Nxb6 Be6 36. Bf3 Nf5 37. Bg4 Kf8 38. Bxf5 Bxf5 39. Nc5 Bd4 40. Nba4 Ke7 41. Nb7 Kd7 42. Nxa5 Kc7 43. c5 Bb1 44. Kg2 Bxa2 45. Kf3 Bb1 46. g4 g5 47. Kg3 Bd3 48. Kf3 f6 49. Kg3 Be4 50. h4 Be5+ 51. Kh3 Bd3 52. hxg5 fxg5 53. Kg2 Be2 54. Nb6 Bxg4 55. Nd5+ Kc8 56. Nc6 Bc3 57. Ncxb4 Bxb4 58. Nxb4 Be6 1/2-1/2

[Event "Wch U14"]
[Site "Chalkidiki"]
[Date "2003.10.28"]
[Round "6"]
[White "Carlsen, Magnus"]
[Black "Potapov, Pavel"]
[Result "1-0"]
[WhiteElo "2450"]
[BlackElo "2267"]
[PlyCount "99"]
[EventDate "2003.10.23"]
[EventType "swiss"]
[EventRounds "11"]
[EventCountry "GRE"]
[SourceTitle "EXT 2004"]
[Source "ChessBase"]
[SourceDate "2003.11.25"]
[SourceVersion "1"]
[SourceVersionDate "2003.11.25"]
[SourceQuality "1"]

1. d4 f5 2. Nf3 Nf6 3. g3 g6 4. Bg2 Bg7 5. O-O O-O 6. c4 d6 7. Nc3 Qe8 8. Re1 Qf7 9. b3 Ne4 10. Bb2 Nc6 11. Rc1 h6 12. d5 Ne5 13. Nxe5 Bxe5 14. f4 Bg7 15. Qc2 $146 ({RR} 15. Rc2 Nxc3 16. Bxc3 Bxc3 17. Rxc3 Qf6 18. Qd3 e5 19. dxe6 c6 20. b4 Bxe6 21. b5 Rac8 22. bxc6 bxc6 23. Ra3 Qe7 24. e4 Bf7 25. Rd1 fxe4 26. Bxe4 d5 27. cxd5 cxd5 28. Bxg6 Rfd8 29. Ra6 d4 {Demina,J (2327)-Sterliagova,T (2223) Elista 2003 1-0 (39)}) 15... Nxc3 16. Bxc3 Bd7 17. e4 Bxc3 18. Qxc3 fxe4 19. Rxe4 Bf5 20. Re3 b6 21. Rce1 Rae8 22. Be4 Bd7 23. Bf3 Qf6 24. Qd3 Kg7 25. Qe2 Rf7 26. Bg4 Bf5 27. Bxf5 Qxf5 28. Kg2 h5 29. Re6 Kf8 30. h3 h4 31. Qg4 Qxg4 32. hxg4 hxg3 33. Kxg3 Kg7 34. g5 Rh8 35. Rxe7 a5 36. Re8 Rxe8 37. Rxe8 Kh7 38. Kg4 Kg7 39. Re6 Kh7 40. Rf6 Re7 41. f5 gxf5+ 42. Kxf5 Kg7 43. Rg6+ Kf7 44. Re6 Rd7 45. g6+ Kg7 46. Kg5 Kg8 47. Re8+ Kg7 48. Kf5 c5 49. Ke6 Ra7 50. Re7+ 1-0

[Event "Wch U14"]
[Site "Chalkidiki"]
[Date "2003.10.29"]
[Round "7"]
[White "Dourerassou, Jonathan"]
[Black "Carlsen, Magnus"]
[Result "0-1"]
[WhiteElo "2250"]
[BlackElo "2450"]
[PlyCount "94"]
[EventDate "2003.10.23"]
[EventType "swiss"]
[EventRounds "11"]
[EventCountry "GRE"]
[SourceTitle "EXT 2004"]
[Source "ChessBase"]
[SourceDate "2003.11.25"]
[SourceVersion "1"]
[SourceVersionDate "2003.11.25"]
[SourceQuality "1"]

1. d4 Nf6 2. c4 g6 3. Nc3 d5 4. Nf3 Bg7 5. Qb3 dxc4 6. Qxc4 O-O 7. e4 Nc6 8. Be3 Bg4 9. Rd1 Nd7 10. Qb3 Nb6 11. d5 Ne5 12. Be2 Nxf3+ 13. gxf3 Bh5 14. Rg1 Qd6 ({RR} 14... c6 15. dxc6 Qc7 16. cxb7 Rab8 17. Rg3 Rxb7 18. Kf1 Rd8 19. Rxd8+ Qxd8 20. Nd5 Be5 21. Nf4 Bxf4 22. Bxf4 Qd4 23. Qb5 Rd7 24. Qxh5 Qxb2 25. Qe5 Qxa2 26. Bh6 {1-0 (25) Cheparinov,I (2666)-Zeng,C (2551) Changsha 2019}) 15. f4 Bxe2 16. Kxe2 c6 $146 ({RR} 16... Qf6 17. Rg5 Nd7 18. Rdg1 Qa6+ 19. Kf3 c6 20. h4 Nb6 21. dxc6 bxc6 22. h5 Nc4 23. hxg6 hxg6 24. Rc5 Nxe3 25. fxe3 Rab8 26. Qc2 Rfd8 27. e5 Qc8 28. Ne4 Rb5 29. Rxc6 Qh3+ 30. Ng3 Qd7 31. b3 {Schneider,A-Silva Morales,M Budapest 1981 1-0 (55)}) 17. e5 Qd7 18. Bxb6 axb6 19. Qxb6 Qf5 20. dxc6 bxc6 21. Qe3 Bh6 22. Rd4 c5 23. Rc4 Rfd8 24. Rd1 Rxd1 25. Kxd1 Rd8+ 26. Kc1 Qg4 27. Kc2 Qf5+ 28. Kc1 Rd4 29. Rxd4 cxd4 30. Qxd4 Bxf4+ 31. Kd1 Bxe5 32. Qd8+ Kg7 33. Qxe7 Bxh2 34. Qh4 Qd3+ 35. Kc1 Be5 36. Nd1 h5 37. a4 Bf6 38. Qf4 h4 39. Ne3 Qe2 40. b4 Bb2+ 41. Kb1 Bc3 42. Nf5+ gxf5 43. Qg5+ Kf8 44. Qh6+ Bg7 45. Qd6+ Qe7 46. Qb8+ Qe8 47. Qf4 Qe4+ 0-1

[Event "Wch U14"]
[Site "Chalkidiki"]
[Date "2003.10.30"]
[Round "8"]
[White "Carlsen, Magnus"]
[Black "Andriasian, Zaven"]
[Result "1-0"]
[WhiteElo "2450"]
[BlackElo "2311"]
[PlyCount "47"]
[EventDate "2003.10.23"]
[EventType "swiss"]
[EventRounds "11"]
[EventCountry "GRE"]
[SourceTitle "EXT 2004"]
[Source "ChessBase"]
[SourceDate "2003.11.25"]
[SourceVersion "1"]
[SourceVersionDate "2003.11.25"]
[SourceQuality "1"]

1. d4 d5 2. c4 c6 3. Nf3 Nf6 4. Nc3 dxc4 5. a4 Bf5 6. Nh4 e6 7. Nxf5 exf5 8. e3 Bd6 9. Bxc4 O-O 10. Qf3 g6 11. h3 h5 ({RR} 11... Bb4 12. O-O Nbd7 13. g4 fxg4 14. hxg4 h5 15. gxh5 Nxh5 16. Qg2 Kg7 17. Ne4 Qh4 18. b3 Rae8 19. Ng5 Be7 20. Nf3 Qe4 21. Ne5 Qxg2+ 22. Kxg2 Nb6 23. a5 Nxc4 24. bxc4 f6 25. Nd3 Rf7 26. Ba3 {Hodgson,J (2625)-Huebner,R (2605) Groningen 1993 ½-½ (51)}) 12. Bd2 Nbd7 13. O-O-O a6 $146 ({RR} 13... Qe7 14. g4 fxg4 15. hxg4 Nxg4 16. Qg2 Kg7 17. e4 Nb6 18. Be2 Bb4 19. Bxg4 Bxc3 20. Bxc3 Qg5+ 21. Bd2 Qxg4 22. Bh6+ Kf6 23. Qxg4 hxg4 24. Bxf8 Rxf8 25. b3 Kg5 26. Rhe1 Kf4 27. d5 f5 28. a5 {Minero Pineda,S (2429)-Hernandez Basante,F (2244) San Jose 2004 1-0 (37)}) 14. g4 fxg4 15. hxg4 hxg4 16. Qg2 b5 17. Ba2 c5 18. Ne4 Qe7 19. Nxd6 Qxd6 20. dxc5 Qe7 21. Bc3 Rac8 22. Rxd7 Qxc5 23. Kb1 b4 24. Qxg4 1-0

[Event "Claude Pecaut Memorial"]
[Site "Taormina"]
[Date "2003.11.20"]
[Round "6"]
[White "Estremera Panos, Sergio"]
[Black "Carlsen, Magnus"]
[Result "1/2-1/2"]
[WhiteElo "2350"]
[BlackElo "2450"]
[PlyCount "63"]
[EventDate "2003.11.15"]
[EventType "tourn"]
[EventRounds "9"]
[EventCountry "ITA"]
[EventCategory "7"]
[SourceTitle "CBM 097 Extra"]
[Source "ChessBase"]
[SourceDate "2004.01.13"]
[SourceVersion "1"]
[SourceVersionDate "2004.01.13"]
[SourceQuality "1"]

1. d4 {Krasenkow,Michal} Nf6 2. c4 g6 3. Nc3 d5 4. cxd5 Nxd5 5. e4 Nxc3 6. bxc3 Bg7 7. Bc4 c5 8. Ne2 O-O 9. O-O Nc6 10. Be3 Bd7 11. Rb1 a6 12. dxc5 Qc7 13. Nd4 ({RR} 13. Qc2 Na5 14. Bd3 Rfd8 15. Rfd1 Be6 16. Nf4 Bc4 17. Bxc4 Nxc4 18. Nd5 Rxd5 19. exd5 Nxe3 20. fxe3 Qxc5 21. Rxb7 Qxe3+ 22. Qf2 Qxc3 23. d6 exd6 24. Qxf7+ Kh8 25. h3 Rf8 26. Qe7 h5 27. Kh1 Rf2 {Kramnik,V (2751)-Svidler,P (2713) ICC INT 1999 1-0 (44)}) ({RR} 13. f4) 13... e6 ({RR} 13... Rfd8 14. Qb3 Ne5 15. Be2 Rab8 16. Qb6 Rdc8 17. Qxc7 Rxc7 18. Nb3 Bb5 19. Bxb5 axb5 20. Na5 Nc4 21. Nxc4 bxc4 22. Bf4 e5 23. Be3 Bf8 24. Rb4 Bxc5 25. Rxc4 Rbc8 26. Bxc5 Rxc5 27. Rxc5 Rxc5 28. Rc1 {Assaubayeva,B (2472)-Mikhailova,I (2169) FIDE Online Arena INT 2024 1-0 (65)}) ({RR} 13... Na5 14. Bd3 Rfd8 15. Qe2) 14. f4 Rfd8 $146 ({RR} 14... Na5 15. Bb3 ({RR} 15. Bb3 e5 16. fxe5 Bxe5 17. Bh6 Bg7 ({RR} 17... Bxh2+ 18. Kh1 Be5) 18. Bxg7 Kxg7 19. Qf3 Nxb3 20. Rxb3 Rae8 21. Rb6 ({RR} 21. Qf6+ Kg8 22. Qd6 Qxd6 23. cxd6 b5 24. a4 Rxe4 25. axb5 axb5 26. Nxb5 Bxb5 27. Rxb5 Rc4) 21... Qxc5 ({RR} 21... Bc8 22. Rf6 Re5 23. c6) 22. Rxb7 Be6 23. Kh1 Qe5 24. Nc6 Qg5 25. Qf2) 15... e5 16. fxe5 Bxe5 17. Bh6 Bg7 18. Bxg7 Kxg7 19. Qf3 Nxb3 20. Rxb3 Rae8 21. Rb6 Qxc5 22. Rxb7 Be6 23. Kh1 Qe5 24. Nc6 Qg5 25. Qf2 Kh8 26. h4 Qh6 27. Kg1 Qg7 28. Nd4 Bc4 29. Re1 {Zhukova,N (2439)-Matveeva,S (2478) Krasnoturinsk 2003 1-0 (42)}) ({RR} 14... Na5 15. Bd3 e5 16. f5 exd4 17. cxd4 Rfe8 ({RR} 17... gxf5 18. exf5 Bf6 19. Rf3) 18. f6 Bf8 19. Qc1 ({RR} 19. Qd2 Bb5 20. Bxb5 ({RR} 20. Bh6 Bxc5 21. dxc5 Red8 22. Rf3 Qxc5+ 23. Kh1 Nc4 24. Qc3 Qd4) 20... axb5 21. Bh6 Bxc5 22. dxc5 Qxc5+ 23. Kh1 Nc4) 19... Nc6 ({RR} 19... Bb5 20. Bxb5 axb5 21. Bh6 Bxc5 ({RR} 21... Rxe4 22. Bxf8 Kxf8 23. Qh6+ Ke8 24. Rfe1 Qc6 25. Qh4 Rxe1+ 26. Rxe1+ Kd8 27. Qxh7) 22. Qxc5 ({RR} 22. dxc5 Rxe4 23. Rxb5 Nc4) 22... Qxc5 23. dxc5 Rxe4 24. Rxb5) 20. Kh1 ({RR} 20. Bh6 Nxd4 21. Bxf8 Rxf8 22. Qh6 Ne6 23. Bc4 Qxc5+) 20... h5 ({RR} 20... Bg4 21. h3 ({RR} 21. Bh6 Nxd4 22. Bxf8 Rxf8 23. Qh6 Ne6 24. Bc4 b5 25. Bd5 Ra7 26. Rbe1 Qxc5 27. h3 Bh5 28. g4 Bxg4 29. hxg4 Qc3) 21... Bc8 22. Bh6 Nxd4 23. Bxf8 Rxf8 24. Qh6 Ne6 25. Rb6) 21. Bf4 Qd8 22. Bd6 Kh7 23. Qe3 Bxd6 ({RR} 23... Bh6 24. Qf2) 24. cxd6 Bc8 25. e5 Qxd6 26. Bxg6+ fxg6 27. f7 Qe7 28. fxe8=Q Qxe8 29. Rf6 {Sakaev,K (2655)-Belov,V (2553) Krasnoyarsk 2003 CBM 098 [Krasenkow,Michal] 1-0 (34)}) 15. Nxc6 Bxc6 16. Qc2 Kh8 17. e5 Bf8 18. Rfd1 Rxd1+ 19. Rxd1 Qa5 20. Rd6 Qa4 21. Bb3 Qe4 22. Qxe4 Bxe4 23. Rd7 Kg8 24. Rc7 Rd8 25. Bd4 h5 26. h4 Bc6 27. Kf2 Re8 28. Bd1 Re7 29. Rc8 Re8 30. Rc7 Re7 31. Rc8 Re8 32. Rc7 1/2-1/2

[Event "Claude Pecaut Memorial"]
[Site "Taormina"]
[Date "2003.11.21"]
[Round "7"]
[White "Carlsen, Magnus"]
[Black "Movsziszian, Karen"]
[Result "1/2-1/2"]
[WhiteElo "2450"]
[BlackElo "2475"]
[PlyCount "115"]
[EventDate "2003.11.15"]
[EventType "tourn"]
[EventRounds "9"]
[EventCountry "ITA"]
[EventCategory "7"]
[SourceTitle "CBM 097 Extra"]
[Source "ChessBase"]
[SourceDate "2004.01.13"]
[SourceVersion "1"]
[SourceVersionDate "2004.01.13"]
[SourceQuality "1"]

1. d4 g6 2. c4 Bg7 3. Nc3 d6 4. e4 Nf6 5. Nf3 O-O 6. Be2 Nbd7 7. O-O e5 8. Be3 Ng4 9. Bg5 f6 10. Bc1 Nh6 11. Be3 ({RR} 11. b3 Nf7 12. Bb2 Ng5 13. Nxg5 fxg5 14. Nd5 c6 15. Ne3 h5 16. c5 exd4 17. Bxd4 Nxc5 18. f3 Qe7 19. Rc1 g4 20. Bxg7 Kxg7 21. Qd4+ Kh7 22. Nc4 gxf3 23. Bxf3 Ne6 24. Qxd6 Qxd6 25. Nxd6 Nd4 {Xiong,J (2646)-Bernadskiy,V (2530) chess.com INT 2024 0-1 (57)}) 11... c6 ({RR} 11... Ng4) 12. c5 $146 ({RR} 12. h3 Qe7 13. dxe5 dxe5 14. Qd2 Nf7 15. Rad1 Re8 16. Qc2 g5 17. Nd2 Nh8 18. Bg4 Ng6 19. g3 Ndf8 20. Bxc8 Rexc8 21. c5 Qf7 22. Qb3 Ne6 23. Nc4 Bf8 24. Nd6 Bxd6 25. Rxd6 Ngf8 26. Rfd1 Rd8 {Berberich,C (2118)-Schmid,M (2199) Germany 2003 ½-½}) ({RR} 12. d5 c5 13. Qc1 Nf7 14. Ne1 f5 15. exf5 gxf5 16. f4 e4 17. Rb1 Nf6 18. b4 b6 19. bxc5 dxc5 20. a4 Nd6 21. a5 Ba6 22. axb6 axb6 23. Na4 Nxd5 24. cxd5 Bxe2 25. Nxb6 {½-½ (25) Jenicek,E (2040)-Hadraba,V (2205) Volyne 2003}) 12... dxc5 13. dxe5 fxe5 14. Ng5 Qe7 15. Bc4+ Kh8 16. Ne6 Rg8 17. Nxg7 Qxg7 18. Bg5 Rf8 19. Qd6 Nf7 20. Bxf7 Rxf7 21. f4 exf4 22. Rxf4 Rxf4 23. Qxf4 Kg8 24. Bh6 Qe7 25. Rf1 b6 26. Qc7 Ba6 27. Qxc6 Re8 28. Rf2 Ne5 29. Qa4 Bb7 30. Qxa7 Ng4 31. Nd5 Qh4 32. Nf6+ Nxf6 33. Qxb7 Qxh6 34. Rxf6 Qe3+ 35. Rf2 Qxe4 36. Qxb6 Qe3 37. Qf6 Qe4 38. Rf1 Qe3+ 39. Kh1 Qe7 40. Qf3 Qe5 41. h3 Qe3 42. Qd5+ Kg7 43. a4 Re7 44. Qc4 Qd4 45. Qxd4+ cxd4 46. Rd1 Rb7 47. Rxd4 Rxb2 48. Rd7+ Kh6 49. a5 Ra2 50. Rd5 Kg7 51. Kh2 Kf6 52. Kg3 g5 53. Rb5 h5 54. Kf3 h4 55. Rb6+ Kf5 56. Rb5+ Kg6 57. Rc5 Kf6 58. Rc6+ 1/2-1/2

[Event "Claude Pecaut Memorial"]
[Site "Taormina"]
[Date "2003.11.22"]
[Round "8"]
[White "Carlsen, Magnus"]
[Black "Calzetta Ruiz, Monica"]
[Result "1-0"]
[WhiteElo "2450"]
[BlackElo "2274"]
[PlyCount "57"]
[EventDate "2003.11.15"]
[EventType "tourn"]
[EventRounds "9"]
[EventCountry "ITA"]
[EventCategory "7"]
[SourceTitle "CBM 097 Extra"]
[Source "ChessBase"]
[SourceDate "2004.01.13"]
[SourceVersion "1"]
[SourceVersionDate "2004.01.13"]
[SourceQuality "1"]

1. d4 Nf6 2. c4 c5 3. d5 b5 4. cxb5 a6 5. bxa6 Bxa6 6. Nc3 d6 7. g3 g6 8. Bg2 Bg7 9. Nf3 Nbd7 10. Rb1 Nb6 11. a4 O-O 12. O-O Ra7 13. b3 Qa8 14. Nh4 Ne8 15. Bb2 Nc7 16. Qd2 Rb8 17. Rfe1 $146 ({RR} 17. Rfd1 Bc8 18. Qe3 Bf6 19. Ne4 Bxb2 20. Rxb2 Nbxd5 21. Qh6 Bb7 22. Rbd2 Bc6 23. Rxd5 Nxd5 24. Rxd5 Bxd5 25. Ng5 e5 26. Nxh7 {1-0 (26) Roktim,B (2365)-Zilverberg,J (2031) Vlissingen 2006}) 17... Bc8 18. e4 c4 19. e5 cxb3 20. exd6 exd6 21. Re7 Bd7 22. Ne4 Ncxd5 23. Bxg7 Kxg7 24. Qd4+ Kf8 25. Rxd7 Nxd7 26. Nc3 Nxc3 27. Re1 Kg8 28. Bxa8 b2 29. Qxa7 1-0

[Event "Budapest FS12 GM"]
[Site "Budapest"]
[Date "2003.12.07"]
[Round "2"]
[White "Berczes, David"]
[Black "Carlsen, Magnus"]
[Result "0-1"]
[WhiteElo "2323"]
[BlackElo "2450"]
[PlyCount "96"]
[EventDate "2003.12.06"]
[EventType "tourn"]
[EventRounds "13"]
[EventCountry "HUN"]
[EventCategory "8"]
[SourceTitle "CBM 097 Extra"]
[Source "ChessBase"]
[SourceDate "2004.01.13"]
[SourceVersion "1"]
[SourceVersionDate "2004.01.13"]
[SourceQuality "1"]

1. d4 Nf6 2. c4 g6 3. Nc3 Bg7 4. e4 O-O 5. Nf3 d6 6. Be2 e5 7. O-O Nh5 8. g3 Bg4 ({RR} 8... Bh3 9. Re1 exd4 10. Nxd4 Nf6 11. Bf1 Bxf1 12. Kxf1 Nc6 13. Nc2 Nd7 14. Ne3 Bxc3 15. bxc3 Nc5 16. f3 Ne5 17. Ba3 Qf6 18. Bxc5 dxc5 19. f4 Nc6 20. Nd5 Qd8 21. Qa4 Nb8 22. Rab1 c6 23. Nb6 {Van Wely,L (2655)-Jones,G (2554) London 2009 1-0 (31)}) 9. d5 ({RR} 9. Bg5 f6 10. Be3 Nc6 11. c5 Kh8 12. cxd6 cxd6 13. dxe5 dxe5 14. Qxd8 Rfxd8 15. Rfd1 Bf8 16. Kf1 Ng7 17. Nd5 Bh3+ 18. Kg1 Ne8 19. Rac1 Kg7 20. a3 Nd6 21. Nd2 Rac8 22. f3 Be6 23. Nc4 Nb5 {Cosma,I (2368)-Dragomirescu,R (2337) Sebes ROU 2022 0-1 (61)}) ({RR} 9. Bg5 f6 10. Be3 Nc6 11. d5 Ne7 12. Qd2 Qd7 13. Ne1 Bxe2 14. Qxe2 f5 15. exf5 Nxf5 16. Ne4 Nxe3 17. Qxe3 Nf6 18. Nd3 c6 19. dxc6 Qxc6 20. Nxf6+ Rxf6 21. Rac1 Rf3 22. Qe2 Raf8 23. Nb4 Qc5 {Ekeberg,C (2227)-Carlsen,M (2315) Oslo 2003 0-1 (42)}) 9... Qe8 10. Ne1 $146 ({RR} 10. Bd2 Na6 11. Nh4 Bxe2 12. Qxe2 f5 13. f3 Bf6 14. Ng2 c6 15. g4 Ng7 16. Be3 Qe7 17. Bf2 h5 18. h4 fxg4 19. fxg4 Qd7 20. g5 Bd8 21. Kh2 Ba5 22. Rac1 Bxc3 23. Rxc3 c5 24. Rcc1 Rf7 {Johannessen,L (2452)-Gullaksen,E (2326) Oslo 2002 ½-½ (68)}) ({RR} 10. b4 f5 11. Ng5 Bxe2 12. Qxe2 Bf6 13. Ne6 Na6 14. Nxf8 Kxf8 15. Rb1 Kg8 16. f3 Be7 17. Kh1 f4 18. g4 Nf6 19. Bd2 Rd8 20. Kg2 Nd7 21. Be1 Kf7 22. h4 h6 23. Bf2 b6 24. Na4 Nxb4 {Kozul,Z (2541)-Ahn,M (2290) Rogaska Slatina 2011 1-0 (38)}) 10... Bxe2 11. Qxe2 f5 12. f3 Na6 13. Nd3 c5 14. Bd2 Qd7 15. a3 Nc7 16. b4 b6 17. Rab1 Nf6 18. Rb2 h5 19. bxc5 bxc5 20. Rfb1 Rf7 21. Rb7 Qe8 22. Qd1 h4 23. Nf2 Qc8 24. Kg2 Qf8 25. Nh3 Nh7 26. Ng5 Nxg5 27. Bxg5 hxg3 28. hxg3 f4 29. Nb5 Ne8 30. Rxf7 Qxf7 31. Nc3 fxg3 32. Qa4 Nf6 33. Bxf6 Qxf6 34. Ne2 Rf8 35. Qb3 Bh6 36. Rh1 Qg5 37. Qd3 Rb8 38. Rh3 Rb2 39. Rxg3 Qe3 40. Qxe3 Bxe3 41. Kf1 Kg7 42. Nc3 a6 43. Nd1 Rb1 44. Ke2 Bd4 45. Kd2 Rb3 46. Kc2 Rxa3 47. Rh3 a5 48. Rg3 a4 0-1

[Event "Budapest FS12 GM"]
[Site "Budapest"]
[Date "2003.12.08"]
[Round "3"]
[White "Carlsen, Magnus"]
[Black "Drabke, Lorenz Maximilian"]
[Result "1-0"]
[WhiteElo "2450"]
[BlackElo "2449"]
[PlyCount "39"]
[EventDate "2003.12.06"]
[EventType "tourn"]
[EventRounds "13"]
[EventCountry "HUN"]
[EventCategory "8"]
[SourceTitle "CBM 097 Extra"]
[Source "ChessBase"]
[SourceDate "2004.01.13"]
[SourceVersion "1"]
[SourceVersionDate "2004.01.13"]
[SourceQuality "1"]

1. d4 d5 2. c4 c6 3. Nf3 Nf6 4. Nc3 dxc4 5. a4 Bf5 6. Nh4 Bd7 7. e3 b5 ({RR} 7... e6 8. Bxc4 c5 9. O-O Nc6 10. Nf3 Be7 11. dxc5 Bxc5 12. e4 Qb8 13. Bg5 Ng4 14. Bh4 Bd6 15. Bg3 Bxg3 16. hxg3 O-O 17. Qe2 {½-½ (17) Moiseenko,A (2646)-Akopian,V (2713) Kemer 2007}) ({RR} 7... e6 8. Nf3 c5 9. Bxc4 cxd4 10. exd4 Bc6 11. O-O Be7 12. Ne5 O-O 13. Re1 Nbd7 14. Nxc6 bxc6 15. a5 Nd5 16. Ne4 Rb8 17. Qc2 Bb4 18. Bd2 N7f6 19. Bd3 Bxd2 20. Qxd2 Rb4 21. Nc5 Qb8 22. b3 {Skindzier,S (2199)-Drabke,L (2386) Berkshire 2006 0-1 (51)}) 8. Nf3 ({RR} 8. Be2 e6 9. O-O Be7 10. Nf3 O-O 11. Ne5 Be8 12. axb5 cxb5 13. b3 b4 14. bxc4 a5 15. Bf3 Ra7 16. Nb5 Bxb5 17. cxb5 Qb6 18. Qe2 Nfd7 19. Nc6 Nxc6 20. Bxc6 Nf6 21. Bd2 a4 22. Qc4 Nd5 {Vokhidov,S (2596)-Bressy,T (2190) chess.com INT 2024 1-0 (39)}) 8... Qb6 $146 ({RR} 8... e6 9. Ne5 a6 10. Qf3 Ra7 11. g4 Bd6 12. g5 Bxe5 13. dxe5 Nd5 14. Ne4 O-O 15. Rg1 Nb4 16. Nf6+ Kh8 17. Qh5 h6 18. g6 Nc2+ 19. Ke2 Be8 20. Qxh6+ gxh6 21. g7# {1-0 (21) Kahn,V-Amateur Paris 1932}) ({RR} 8... e6 9. Ne5 a5 10. Qf3 Ra7 11. g4 h6 12. h4 b4 13. Ne4 Bc8 14. Bxc4 Nxe4 15. Qxe4 Rc7 16. f4 c5 17. Bb5+ Ke7 18. f5 Qd5 19. Qxd5 exd5 20. Bd2 Bd7 21. Ke2 Nc6 22. Nxd7 Kxd7 23. e4 {Dudin,D (2138)-Rodchenkov,S (2361) Ufa 2004 ½-½ (31)}) 9. Ne5 Bc8 10. axb5 cxb5 11. Nxb5 Qxb5 12. Bxc4 Qb7 13. Bxf7+ Kd8 14. Bd2 e6 15. Ba5+ Ke7 16. Qa4 Nd5 17. Qe8+ Kf6 18. Ng4+ Kg5 19. h4+ Kxg4 20. Bxe6+ 1-0